[Event "40th Olympiad Women"]
[Site "Istanbul TUR"]
[Date "2012.09.06"]
[Round "9.62"]
[Board "3"]
[White "Ui Laighleis, Gearoidin"]
[Black "Kurochkina, Elena"]
[Result "1-0"]
[WhiteTitle "WCM"]
[WhiteElo "1894"]
[BlackElo "1797"]
[WhiteTeam "Ireland"]
[BlackTeam "IPCA"]
[WhiteFideId "2501171"]
[BlackFideId "24145890"]
[EventDate "2012.08.28"]

1. d4 f5 2. Nc3 d5 3. Bg5 h6 4. Bf4 c6 5. e3 Nf6 6. Be5 Kf7 7. Bxf6 exf6 8. Nf3
Bd6 9. Nh4 g6 10. Bd3 h5 11. O-O Qc7 12. g3 Nd7 13. Ne2 Nf8 14. Rc1 Be6 15. c4
dxc4 16. Bxc4 Bxc4 17. Rxc4 Nd7 18. Qb3 Kg7 19. Rcc1 Nb6 20. Nc3 Qd7 21. Ne2
Rhe8 22. Qd3 Nd5 23. a3 Re7 24. Ng2 Rae8 25. b4 a6 26. Nc3 Nxc3 27. Qxc3 Qe6 28.
Qd3 Qd5 29. Nh4 Re6 30. Rc2 R6e7 31. Rcc1 Re6 32. Rfd1 R6e7 33. Qc4 Qxc4 34.
Rxc4 Re4 35. Rcc1 R8e7 36. d5 cxd5 37. Rxd5 Be5 38. Rd2 Bc7 39. Rdc2 Bb6 40. Nf3
Rd7 41. Nh4 Re5 42. Nf3 Red5 43. Kf1 Kf7 44. Ke2 g5 45. Nd2 Ke7 46. Nb3 Kd6 47.
Rd2 Ke6 48. Rxd5 Rxd5 49. Rc8 Kf7 50. Rh8 Kg6 51. Rc8 a5 52. Nc5 axb4 53. axb4
Bxc5 54. Rxc5 Rd7 55. Rc4 b5 56. Rd4 Rc7 57. Rd5 Rb7 58. h3 h4 59. gxh4 gxh4 60.
Rd4 Kg5 61. Rd5 Kg6 62. Kf3 Rb6 63. Kf4 Rc6 64. Rxb5 Rc4+ 65. Kf3 Rc1 66. Rb8
Rb1 67. b5 Rb4 68. b6 Kf7 69. b7 Kg7 70. Ke2 Rb2+ 71. Kd3 Rb1 72. Kc4 Rc1+ 73.
Kd5 Rb1 74. Ke6 Rb5 75. Kd6 Rb2 76. Kc5 Rc2+ 77. Kd5 Rb2 78. f3 Rb3 79. Kd6 Rb1
80. Kd5 Rb3 81. Kd4 Rb4+ 82. Kc3 Rb1 83. Kc4 Rc1+ 84. Kd5 Rb1 85. Kd6 Rb3 86.
Ke6 Rxe3+ 87. Kxf5 Rxf3+ 88. Kg4 Rb3 89. Kxh4 Rb4+ 90. Kg3 Rb3+ 91. Kf2 Rb2+ 92.
Ke1 Rb1+ 93. Kd2 Rb5 94. h4 Rb6 95. h5 Rb5 96. Ke3 Rb3+ 97. Ke4 Rb4+ 98. Kf5
Rb5+ 99. Ke6 Rb1 100. h6+ Kh7 101. Kxf6 Rf1+ 102. Ke6 Re1+ 103. Kd5 Rc1 104. Rc8
Rd1+ 105. Kc6 Rc1+ 106. Kb6 Rb1+ 107. Ka7 Ra1+ 108. Kb8 Rf1 109. Rc6 Rf8+ 110.
Ka7 Rf7 111. Kb6 Rf8 112. Ka7 Rf7 113. Ka8 Re7 114. b8=Q Rg7 115. hxg7 1-0

[Event "40th Olympiad Women"]
[Site "Istanbul TUR"]
[Date "2012.09.07"]
[Round "10.1"]
[Board "1"]
[White "Hou, Yifan"]
[Black "Nakhbayeva, Guliskhan"]
[Result "1/2-1/2"]
[WhiteTitle "GM"]
[BlackTitle "WIM"]
[WhiteElo "2599"]
[BlackElo "2291"]
[WhiteTeam "China"]
[BlackTeam "Kazakhstan"]
[WhiteFideId "8602980"]
[BlackFideId "13704788"]
[EventDate "2012.08.28"]

1. e4 e6 2. d4 d5 3. Nc3 Nf6 4. Bg5 Be7 5. e5 Nfd7 6. h4 h6 7. Bxe7 Qxe7 8. f4
a6 9. Nf3 c5 10. Qd2 Nc6 11. dxc5 O-O 12. O-O-O f6 13. exf6 Qxf6 14. g3 Nxc5 15.
Bh3 Ne4 16. Qe1 Nxc3 17. Qxc3 Qxc3 18. bxc3 b5 19. Rde1 Re8 20. Re3 Bd7 21. Rhe1
Kf7 22. Bg4 Kf6 23. Bh5 Rf8 24. Rd1 Be8 25. Bg4 Bf7 26. Bh3 Rfe8 27. g4 Bg6 28.
Rde1 Kf7 29. h5 Bh7 30. g5 Be4 31. Nd2 Bf5 32. Bxf5 exf5 33. g6+ Kf8 34. Nb3
Rxe3 35. Rxe3 Re8 36. Rxe8+ Kxe8 37. Nc5 Ke7 38. Nxa6 Kd6 39. Kd2 Ne7 40. Ke3
Ng8 41. Kd4 Nf6 42. Nb4 Nxh5 43. Nxd5 Ng3 44. c4 h5 45. cxb5 h4 46. b6 Kc6 47.
Nb4+ Kxb6 48. Nd3 h3 49. Nf2 h2 50. Ke3 Kb5 51. Kf3 Nh5 52. a3 Kc4 53. Nh1 Kc3
54. Ke3 Kc4 55. Kf3 Kc3 56. Ke3 Kc4 57. Kf3 1/2-1/2

[Event "40th Olympiad Women"]
[Site "Istanbul TUR"]
[Date "2012.09.07"]
[Round "10.1"]
[Board "2"]
[White "Dauletova, Gulmira"]
[Black "Zhao, Xue"]
[Result "0-1"]
[WhiteTitle "WIM"]
[BlackTitle "GM"]
[WhiteElo "2267"]
[BlackElo "2549"]
[WhiteTeam "Kazakhstan"]
[BlackTeam "China"]
[WhiteFideId "13702971"]
[BlackFideId "8601283"]
[EventDate "2012.08.28"]

1. e4 e5 2. Nf3 Nc6 3. Bb5 a6 4. Ba4 Nf6 5. O-O Be7 6. Re1 b5 7. Bb3 d6 8. c3
O-O 9. h3 Nb8 10. d4 Nbd7 11. Nbd2 Bb7 12. Bc2 Re8 13. Nf1 Bf8 14. Ng3 g6 15. a4
c6 16. Bg5 Bg7 17. Qd2 Qe7 18. b4 Qf8 19. Rad1 Rad8 20. Qc1 Rc8 21. Qb1 Nb6 22.
dxe5 dxe5 23. Be3 Nbd7 24. Nd2 Bh6 25. Bxh6 Qxh6 26. c4 Nf8 27. c5 Rc7 28. Nf3
Bc8 29. Qc1 Qxc1 30. Rxc1 N6d7 31. Bb3 bxa4 32. Bxa4 Ne6 33. Red1 a5 34. bxa5
Ndxc5 35. Bc2 Nf4 36. Rd6 Bd7 37. Nd2 Nb7 38. Rxd7 Rxd7 39. Nc4 Rd4 40. Ba4 Nxa5
41. Nxa5 Rxa4 42. Nxc6 Kg7 43. Rb1 Ra6 44. Nb8 Rd6 45. Nf1 Ne2+ 46. Kh2 Nc3 47.
Rb4 Rd4 48. Nc6 Rxb4 49. Nxb4 Nxe4 50. f3 Nc3 51. Nd3 f5 52. Ne3 Kf6 53. Kg1 h5
54. Kf2 Rd8 55. Nc5 Rd2+ 56. Kf1 f4 57. Nc4 Rd1+ 58. Kf2 Rd4 59. Nb6 Ke7 60. h4
Kd6 61. Nbd7 Rd2+ 62. Kf1 Ra2 63. Nd3 Kxd7 64. Nxe5+ Ke6 65. Nxg6 Nd5 0-1

[Event "40th Olympiad Women"]
[Site "Istanbul TUR"]
[Date "2012.09.07"]
[Round "10.1"]
[Board "3"]
[White "Ju, Wenjun"]
[Black "Saduakassova, Dinara"]
[Result "1/2-1/2"]
[WhiteTitle "WGM"]
[BlackTitle "WIM"]
[WhiteElo "2528"]
[BlackElo "2216"]
[WhiteTeam "China"]
[BlackTeam "Kazakhstan"]
[WhiteFideId "8603006"]
[BlackFideId "13700090"]
[EventDate "2012.08.28"]

1. Nf3 Nf6 2. g3 d5 3. Bg2 c6 4. O-O Bg4 5. h3 Bxf3 6. Bxf3 Nbd7 7. d3 e6 8. Bg2
Be7 9. c4 O-O 10. cxd5 exd5 11. e4 Re8 12. Qc2 Bc5 13. Nc3 dxe4 14. dxe4 Qe7 15.
Kh2 Bd4 16. Bd2 Rad8 17. f4 Bxc3 18. Bxc3 Nxe4 19. Rae1 f5 20. Qb3+ Qf7 21. Qxb7
Ndc5 22. Qxc6 Qxa2 23. Be5 Qe6 24. Qxe6+ Rxe6 25. Rd1 Ree8 26. g4 Nd2 27. Rf2
Nce4 28. Bxe4 Nxe4 29. Rxd8 Rxd8 30. Re2 Rd2 31. Rxd2 Nxd2 32. gxf5 Nf1+ 33. Kg2
Ne3+ 34. Kf3 Nxf5 35. Ke4 g6 36. Kd5 Kf7 37. b4 Ne3+ 38. Kc6 a6 39. Kb6 Nd5+ 40.
Kc5 Ne3 41. Bc3 Ke6 42. Bd2 Nc2 43. Kb6 Kf5 44. Kxa6 Nxb4+ 45. Bxb4 Kxf4 46. h4
Kg4 47. Be7 h6 48. Kb5 g5 49. hxg5 hxg5 50. Kc4 Kf3 51. Bxg5 1/2-1/2

[Event "40th Olympiad Women"]
[Site "Istanbul TUR"]
[Date "2012.09.07"]
[Round "10.1"]
[Board "4"]
[White "Davletbayeva, Madina"]
[Black "Ding, Yixin"]
[Result "1-0"]
[WhiteTitle "WIM"]
[BlackTitle "WGM"]
[WhiteElo "2165"]
[BlackElo "2424"]
[WhiteTeam "Kazakhstan"]
[BlackTeam "China"]
[WhiteFideId "13703595"]
[BlackFideId "8602972"]
[EventDate "2012.08.28"]

1. e4 c5 2. c3 d6 3. d4 Nf6 4. dxc5 Nc6 5. f3 d5 6. exd5 Nxd5 7. c4 Ndb4 8. a3
Qxd1+ 9. Kxd1 Na6 10. b4 Nd4 11. Be3 Nf5 12. Bf2 g6 13. Bd3 Be6 14. Nc3 Bh6 15.
Nge2 O-O-O 16. Kc2 Be3 17. Be1 Bd4 18. Bd2 Be3 19. Be1 Nc7 20. g4 Nd4+ 21. Nxd4
Rxd4 22. Bg3 a6 23. Be5 Rhd8 24. Bxd4 Bxd4 25. Rad1 Bd7 26. Be4 e5 27. Rd2 Kb8
28. Ne2 Ba4+ 29. Kb1 Ne6 30. Nxd4 Nxd4 31. Re1 Kc7 32. g5 Bd7 33. Bd5 Bf5+ 34.
Be4 Nxf3 35. Rxd8 Kxd8 36. Bxf5 gxf5 37. Re2 e4 38. Rf2 f4 39. Kc2 Nd4+ 40. Kd1
Ne6 41. h4 Ke7 42. Ke1 f5 43. gxf6+ Kxf6 44. b5 e3 45. Rf1 axb5 46. cxb5 Ke5 47.
c6 b6 48. a4 Ke4 49. a5 bxa5 50. b6 f3 51. c7 Nf4 52. Rf2 Nd3+ 53. Kf1 Nxf2 54.
c8=Q Kd4 55. Qd7+ Kc5 56. b7 Ne4 57. b8=Q Nd2+ 58. Qxd2 exd2 59. Qd8 Kc4 60.
Qxd2 1-0

[Event "40th Olympiad Women"]
[Site "Istanbul TUR"]
[Date "2012.09.07"]
[Round "10.2"]
[Board "1"]
[White "Danielian, Elina"]
[Black "Kosintseva, Tatiana"]
[Result "0-1"]
[WhiteTitle "GM"]
[BlackTitle "GM"]
[WhiteElo "2476"]
[BlackElo "2530"]
[WhiteTeam "Armenia"]
[BlackTeam "Russia"]
[WhiteFideId "13300210"]
[BlackFideId "4133471"]
[EventDate "2012.08.28"]

1. d4 Nf6 2. c4 e6 3. Nf3 d5 4. Nc3 Bb4 5. cxd5 exd5 6. Bg5 h6 7. Bh4 c5 8. e3
c4 9. Be2 g5 10. Bg3 Ne4 11. Rc1 Qa5 12. Ne5 Nc6 13. O-O Nxg3 14. fxg3 Nxe5 15.
dxe5 Be6 16. Bg4 O-O-O 17. Rxf7 Qb6 18. Bxe6+ Qxe6 19. Qf3 Bc5 20. Na4 Rhf8 21.
Rxf8 Bxf8 22. b3 Ba3 23. Rd1 cxb3 24. axb3 Qxe5 25. h3 Kb8 26. Rd3 Bb4 27. Rd4
Rf8 28. Rxd5 Qe6 29. Qd1 Qxe3+ 30. Kh2 a6 31. Rd3 Qf2 32. Rd7 Bc5 33. Nxc5 Qxc5
34. Qd3 Rc8 35. Rh7 Qb6 36. Qd1 Ka7 37. h4 Rc3 38. hxg5 hxg5 39. Rh5 Rxb3 40.
Rxg5 Rb1 41. Qe2 Qg1+ 42. Kh3 Rb4 0-1

[Event "40th Olympiad Women"]
[Site "Istanbul TUR"]
[Date "2012.09.07"]
[Round "10.2"]
[Board "2"]
[White "Gunina, Valentina"]
[Black "Mkrtchian, Lilit"]
[Result "1-0"]
[WhiteTitle "IM"]
[BlackTitle "IM"]
[WhiteElo "2507"]
[BlackElo "2454"]
[WhiteTeam "Russia"]
[BlackTeam "Armenia"]
[WhiteFideId "4167570"]
[BlackFideId "13300601"]
[EventDate "2012.08.28"]

1. d4 Nf6 2. c4 e6 3. Nf3 b6 4. g3 Ba6 5. b3 d5 6. Bg2 Bb4+ 7. Bd2 Be7 8. cxd5
exd5 9. O-O O-O 10. Ne5 Re8 11. Nc3 Bb7 12. Rc1 Na6 13. Bg5 c5 14. dxc5 Nxc5 15.
Nb5 h6 16. Bxf6 Bxf6 17. Nd3 Ne6 18. Nb4 a6 19. Nc3 Bxc3 20. Rxc3 d4 21. Bxb7
dxc3 22. Bxa8 Qxa8 23. Nd5 Qc6 24. Qd3 Nc5 25. Qc4 b5 26. Qd4 Rxe2 27. Rc1 c2
28. Rxc2 Nxb3 29. Nf6+ Qxf6 30. Rc8+ Kh7 31. Qd3+ g6 32. Qxe2 Nd4 33. Qe8 Qg7
34. Rc7 Nf3+ 35. Kg2 Ne5 36. f4 1-0

[Event "40th Olympiad Women"]
[Site "Istanbul TUR"]
[Date "2012.09.07"]
[Round "10.3"]
[Board "2"]
[White "Rajlich, Iweta"]
[Black "Zhukova, Natalia"]
[Result "0-1"]
[WhiteTitle "IM"]
[BlackTitle "GM"]
[WhiteElo "2412"]
[BlackElo "2442"]
[WhiteTeam "Poland"]
[BlackTeam "Ukraine"]
[WhiteFideId "1108166"]
[BlackFideId "14101513"]
[EventDate "2012.08.28"]

1. d4 d5 2. c3 e6 3. Bf4 Bd6 4. Bxd6 Qxd6 5. Nd2 Nf6 6. Ngf3 c5 7. Qa4+ Nbd7 8.
e3 O-O 9. Be2 e5 10. dxe5 Nxe5 11. Nxe5 Qxe5 12. Nf3 Qc7 13. O-O Be6 14. Qh4 h6
15. Rfd1 Qb6 16. Rab1 Bf5 17. Bd3 Bxd3 18. Rxd3 Qa6 19. Rdd1 Qxa2 20. Ne5 Rfe8
21. Nd3 b6 22. Qf4 Qc4 23. Qc7 Qe4 24. b4 Rec8 25. Qb7 d4 26. Qa6 dxc3 27. Rdc1
Rd8 28. Rxc3 c4 29. Qxc4 Qxc4 30. Rxc4 Rxd3 31. g4 g5 32. b5 Rad8 33. Rbb4 Nd5
34. Ra4 Rd7 35. Rc8+ Kg7 36. Rac4 Rb3 37. Re4 Rxb5 38. Kg2 Nf6 39. Rec4 Rb2 40.
Rc1 Rdd2 41. Rf1 Nxg4 42. Kg3 Nxf2 43. Rc7 a5 44. h4 a4 45. hxg5 hxg5 46. e4
Nxe4+ 47. Kg4 Rg2+ 48. Kh3 Rg3# 0-1

[Event "40th Olympiad Women"]
[Site "Istanbul TUR"]
[Date "2012.09.07"]
[Round "10.3"]
[Board "3"]
[White "Ushenina, Anna"]
[Black "Zawadzka, Jolanta"]
[Result "1/2-1/2"]
[WhiteTitle "IM"]
[BlackTitle "WGM"]
[WhiteElo "2433"]
[BlackElo "2377"]
[WhiteTeam "Ukraine"]
[BlackTeam "Poland"]
[WhiteFideId "14110911"]
[BlackFideId "1122320"]
[EventDate "2012.08.28"]

1. e4 c5 2. c3 d5 3. exd5 Qxd5 4. d4 Nf6 5. Nf3 e6 6. Na3 Nc6 7. Be2 cxd4 8. Nb5
Qd8 9. Nbxd4 Nxd4 10. Nxd4 Be7 11. O-O O-O 12. Bf4 Qa5 13. Nb3 Qf5 14. Bg3 Rd8
15. Qb1 Qxb1 16. Rfxb1 Ne4 17. Bf4 f6 18. Rd1 e5 19. Rxd8+ Bxd8 20. Bc4+ Kf8 21.
Be3 Nd6 22. Bd5 Ke7 23. Bc5 Bc7 24. Rd1 Rb8 25. Bxa7 Ra8 26. Bc5 Rxa2 27. Ba3
Be6 28. g4 Bxd5 29. Rxd5 Ke6 30. Rd1 b6 31. Bxd6 Bxd6 32. Rd2 g6 33. Kg2 f5 34.
gxf5+ gxf5 35. f3 Ra4 36. Re2 Kd5 37. Rd2+ Kc6 38. Nc1 Rh4 39. Ne2 Rh5 40. Ng3
Rg5 41. Kh3 Kd7 42. Rd1 Ke6 43. Ra1 Rg7 44. Rd1 Bc5 45. Rd8 Rc7 46. Rg8 Rf7 47.
Rd8 Be3 48. Kg2 Rg7 49. Kh3 Rf7 50. Kg2 Rg7 51. Kh3 Rf7 1/2-1/2

[Event "40th Olympiad Women"]
[Site "Istanbul TUR"]
[Date "2012.09.07"]
[Round "10.3"]
[Board "4"]
[White "Szczepkowska-Horowska, Karina"]
[Black "Gaponenko, Inna"]
[Result "1/2-1/2"]
[WhiteTitle "WGM"]
[BlackTitle "IM"]
[WhiteElo "2375"]
[BlackElo "2404"]
[WhiteTeam "Poland"]
[BlackTeam "Ukraine"]
[WhiteFideId "1122681"]
[BlackFideId "14101181"]
[EventDate "2012.08.28"]

1. e4 e6 2. d3 d5 3. Nd2 Nf6 4. Ngf3 c5 5. g3 g6 6. Bg2 Bg7 7. O-O Nc6 8. exd5
Nxd5 9. Ne4 b6 10. Bg5 f6 11. Bd2 O-O 12. Nc3 Nde7 13. Be3 e5 14. Nd2 Be6 15.
Re1 Qd7 16. Nc4 Rad8 17. a4 Nd4 18. Ne4 Qc7 19. Na3 Nef5 20. a5 c4 21. axb6 axb6
22. dxc4 Bxc4 23. Nd2 Bf7 24. Qc1 Nxe3 25. fxe3 Nf5 26. Ne4 Nd6 27. Nc3 Qc5 28.
Nab1 f5 29. Na4 Qc7 30. Nd2 e4 31. Bf1 b5 32. Nc3 Bxc3 33. bxc3 Qxc3 34. Ra3 Qc5
35. Nb3 Bxb3 36. cxb3 Qxc1 37. Rxc1 Rf7 38. Ra6 Rb7 39. Rd1 Rbd7 40. Rb6 Kf8 41.
Rd5 Ke7 42. Re5+ Kf8 43. Rd5 Ke7 44. h4 Rc7 45. Re5+ Kf7 46. Rd5 Ke7 47. Re5+
Kf7 48. Rd5 Ke7 1/2-1/2

[Event "40th Olympiad Women"]
[Site "Istanbul TUR"]
[Date "2012.09.07"]
[Round "10.4"]
[Board "1"]
[White "Mamedjarova, Zeinab"]
[Black "Skripchenko, Almira"]
[Result "0-1"]
[WhiteTitle "WGM"]
[BlackTitle "IM"]
[WhiteElo "2285"]
[BlackElo "2442"]
[WhiteTeam "Azerbaijan"]
[BlackTeam "France"]
[WhiteFideId "13401521"]
[BlackFideId "13900145"]
[EventDate "2012.08.28"]

1. d4 e6 2. Nf3 f5 3. e3 Nf6 4. b3 b6 5. Bb2 Bb7 6. Nbd2 d6 7. Bd3 Ne4 8. Qe2 a5
9. O-O Nd7 10. Bc4 Qe7 11. Rfd1 Ndf6 12. Bb5+ c6 13. Bd3 g6 14. Nc4 b5 15. Ncd2
Bg7 16. c4 b4 17. Ne1 O-O 18. f3 Nxd2 19. Qxd2 c5 20. dxc5 dxc5 21. Be5 Ne4 22.
Bxe4 Bxe5 23. Bxb7 Rad8 24. Bd5 Bxa1 25. Rxa1 exd5 26. cxd5 Qe5 27. Rd1 Rd6 28.
Qd3 Rfd8 29. e4 fxe4 30. fxe4 Re8 31. Qb5 Qxe4 32. Qxc5 Qe3+ 33. Qxe3 Rxe3 34.
Kf2 Re5 35. Nf3 Rexd5 36. Rc1 Kg7 37. h4 h6 38. Rc7+ Rd7 39. Rc6 Ra7 40. Rc4 Rd1
41. Kg3 Ra1 42. Rc2 a4 43. bxa4 Rxa4 44. Rc7+ Kf8 45. Ne5 R1xa2 46. Nxg6+ Ke8
47. Rb7 Rc2 48. Nf4 Rc4 49. Nd5 Ra3+ 50. Kf2 Rc2+ 51. Kg1 b3 52. Ne3 Rc1+ 53.
Kh2 b2 54. Rxb2 Rxe3 55. Rb6 Rc4 56. Rxh6 Rg4 57. Rf6 Re2 58. Kh3 Rexg2 59. Rf3
Rg1 60. Rf2 Rg7 61. Kh2 R1g4 62. Kh3 Re4 63. Rf5 Re3+ 64. Kh2 Ke7 65. Rf4 Ke6
66. Ra4 Kf5 67. h5 Rh7 68. Kg2 Rxh5 69. Ra8 Kf4 70. Rf8+ Rf5 71. Ra8 Rg5+ 72.
Kf2 Rf3+ 73. Ke2 Rg2+ 74. Ke1 Rb3 75. Kf1 Rc2 76. Rf8+ Ke5 77. Re8+ Kf6 78. Re1
Kf5 79. Kg1 Kf4 80. Ra1 Kg3 81. Kh1 Rh2+ 82. Kg1 Rhb2 0-1

[Event "40th Olympiad Women"]
[Site "Istanbul TUR"]
[Date "2012.09.07"]
[Round "10.4"]
[Board "2"]
[White "Maisuradze, Nino"]
[Black "Mammadova, Gulnar"]
[Result "0-1"]
[WhiteTitle "WGM"]
[BlackTitle "WGM"]
[WhiteElo "2284"]
[BlackElo "2324"]
[WhiteTeam "France"]
[BlackTeam "Azerbaijan"]
[WhiteFideId "13601717"]
[BlackFideId "13403508"]
[EventDate "2012.08.28"]

1. d4 d5 2. c4 c6 3. Nf3 Nf6 4. e3 e6 5. Bd3 Nbd7 6. Nc3 dxc4 7. Bxc4 b5 8. Bb3
b4 9. Ne2 c5 10. O-O Bb7 11. Ng3 Bd6 12. Re1 O-O 13. Bc2 Rc8 14. e4 cxd4 15.
Nxd4 Be5 16. Nf3 Qc7 17. Nxe5 Nxe5 18. Bb3 Rfd8 19. Qe2 Nd3 20. Bg5 Nxe1 21.
Bxf6 gxf6 22. Qg4+ Kh8 23. Rxe1 Qe5 24. Nh5 Rg8 25. Qf3 f5 26. Ng3 f4 27. Nf1 f5
28. Qh5 Bxe4 29. g3 Rg6 30. f3 Qd4+ 31. Kg2 Qxb2+ 32. Kg1 Qd4+ 33. Kg2 Bd5 34.
Bxd5 Rc2+ 35. Kh3 Qf2 36. Qxg6 hxg6 37. Rxe6 g5 38. Re8+ Kg7 39. Re7+ Kf8 40.
Rf7+ Ke8 41. Rxf5 Qxf1+ 42. Kg4 Rxh2 43. Rxg5 fxg3 0-1

[Event "40th Olympiad Women"]
[Site "Istanbul TUR"]
[Date "2012.09.07"]
[Round "10.4"]
[Board "3"]
[White "Mamedjarova, Turkan"]
[Black "Collas, Silvia"]
[Result "1/2-1/2"]
[WhiteTitle "WGM"]
[BlackTitle "IM"]
[WhiteElo "2245"]
[BlackElo "2261"]
[WhiteTeam "Azerbaijan"]
[BlackTeam "France"]
[WhiteFideId "13402005"]
[BlackFideId "2902265"]
[EventDate "2012.08.28"]

1. e4 c5 2. c3 d5 3. exd5 Qxd5 4. d4 Nc6 5. Nf3 Bf5 6. Na3 cxd4 7. Nb5 O-O-O 8.
cxd4 e5 9. Nc3 Qa5 10. d5 Nb4 11. Be2 Nc2+ 12. Kf1 Nxa1 13. Nxe5 Nf6 14. Bg5 Bb4
15. Nc4 Qc7 16. d6 Qc6 17. Qxa1 Bxc3 18. bxc3 Be6 19. Ne3 Rxd6 20. c4 Re8 21.
Bf4 Rd2 22. Ke1 Rxe2+ 23. Kxe2 Bxc4+ 24. Kd2 Ne4+ 25. Ke1 Ba6 26. f3 Nc5 27. Kf2
Nd3+ 28. Kg3 g5 29. Bxg5 Rg8 30. Kh4 h6 31. Bf6 Rg6 32. Ng4 h5 33. Qd4 Rg8 34.
Nh6 Re8 35. Nxf7 Kb8 36. Qd6+ Qxd6 37. Nxd6 Re6 38. Ne4 Bc4 39. Bg5 Bxa2 40.
Kxh5 b5 41. Ra1 Bd5 42. Nf6 Bc4 43. h4 b4 44. Ne4 b3 45. Nd2 b2 46. Ra4 Bb5 47.
Ra3 Nc1 48. Re3 Rxe3 49. Bxe3 Nb3 50. Bf4+ Kb7 51. Nb1 Bd3 52. Be5 Bxb1 53. Bxb2
Kc6 54. Kh6 Kd5 55. h5 a5 56. Kg7 Nd4 57. Kf6 a4 58. h6 Ne6 59. g3 Nf8 60. f4
Nh7+ 61. Kg7 Bf5 62. g4 Bxg4 63. Kxh7 Ke4 64. Be5 a3 65. Kg6 Bf5+ 66. Kf6 a2 67.
Kg5 Bh7 68. Ba1 Bf5 1/2-1/2

[Event "40th Olympiad Women"]
[Site "Istanbul TUR"]
[Date "2012.09.07"]
[Round "10.4"]
[Board "4"]
[White "Bollengier, Andreea"]
[Black "Umudova, Nargiz"]
[Result "1-0"]
[WhiteTitle "WIM"]
[BlackTitle "WIM"]
[WhiteElo "2253"]
[BlackElo "2208"]
[WhiteTeam "France"]
[BlackTeam "Azerbaijan"]
[WhiteFideId "1203347"]
[BlackFideId "13402137"]
[EventDate "2012.08.28"]

1. c4 g6 2. g3 Bg7 3. Bg2 e5 4. Nc3 d6 5. d3 Nf6 6. e4 c6 7. Nge2 Be6 8. O-O Qd7
9. b3 Bh3 10. d4 Bxg2 11. Kxg2 O-O 12. dxe5 dxe5 13. Ba3 Re8 14. Qc1 b5 15. f3
Qb7 16. Bd6 Nbd7 17. Rd1 bxc4 18. bxc4 Qa6 19. c5 Nf8 20. Qc2 N6d7 21. Qa4 Qc8
22. Rab1 Ne6 23. Qc4 h5 24. h4 Kh7 25. Rb3 Bh6 26. Na4 g5 27. hxg5 Bxg5 28. Rh1
h4 29. f4 Bf6 30. f5 Nd8 31. gxh4 Rg8+ 32. Rg3 Qb7 33. Rxg8 Kxg8 34. Nec3 a5 35.
Qe2 Qb4 36. Rb1 Qa3 37. Qg4+ Bg7 38. Kh1 Nf6 39. Qg1 Nxe4 40. Rb3 Ng3+ 41. Kh2
Ne2 42. Qxg7+ Kxg7 43. Rxa3 Nxc3 44. Bxe5+ f6 45. Bxc3 Nf7 46. Nb6 Rd8 47. Bxa5
Ne5 48. Rg3+ Kf7 49. Bc3 Nd3 50. Rg6 Nxc5 51. Rxf6+ Kg8 52. Rxc6 Ne4 53. a4 Rd3
54. Be5 Nd2 55. Kg2 Re3 56. Bf4 Re2+ 57. Kg3 Nb3 58. Kg4 Rg2+ 59. Kf3 Ra2 60.
Ke4 Re2+ 61. Kd5 Re1 62. Be5 Re2 63. Rc3 Kf7 64. Rxb3 1-0

[Event "40th Olympiad Women"]
[Site "Istanbul TUR"]
[Date "2012.09.07"]
[Round "10.5"]
[Board "1"]
[White "Harika, Dronavalli"]
[Black "Porat, Maya"]
[Result "1-0"]
[WhiteTitle "GM"]
[BlackTitle "WIM"]
[WhiteElo "2503"]
[BlackElo "2295"]
[WhiteTeam "India"]
[BlackTeam "Israel"]
[WhiteFideId "5015197"]
[BlackFideId "2808072"]
[EventDate "2012.08.28"]

1. g3 Nf6 2. Bg2 d5 3. Nf3 e6 4. O-O b5 5. d3 Bb7 6. Nbd2 Nbd7 7. Re1 Bc5 8. a4
a6 9. c3 O-O 10. b4 Bb6 11. a5 Ba7 12. d4 e5 13. Nb3 e4 14. Ng5 Ng4 15. f3 Nge5
16. fxe4 h6 17. Nh3 dxe4 18. Nf2 Nc4 19. Bxe4 Bxe4 20. Nxe4 f5 21. Nf2 Nf6 22.
e4 fxe4 23. Nxe4 Qd5 24. Nec5 Rae8 25. Bf4 Ne4 26. Qf3 Ncd6 27. Nd2 Bxc5 28.
bxc5 Qf5 29. cxd6 Nxd2 30. Qg2 Nb3 31. Qa2 Qf7 32. Rxe8 Rxe8 33. d7 Rd8 34. Rb1
g5 35. Be5 Nxa5 36. Qxf7+ 1-0

[Event "40th Olympiad Women"]
[Site "Istanbul TUR"]
[Date "2012.09.07"]
[Round "10.5"]
[Board "2"]
[White "Efroimski, Marsel"]
[Black "Tania, Sachdev"]
[Result "0-1"]
[WhiteTitle "WIM"]
[BlackTitle "IM"]
[WhiteElo "2174"]
[BlackElo "2379"]
[WhiteTeam "Israel"]
[BlackTeam "India"]
[WhiteFideId "2810964"]
[BlackFideId "5007844"]
[EventDate "2012.08.28"]

1. e4 c5 2. Nf3 e6 3. d4 cxd4 4. Nxd4 a6 5. Bd3 Nf6 6. Nc3 Qc7 7. O-O d6 8. f4
b5 9. Nf3 Bb7 10. Qe1 Nbd7 11. a3 Be7 12. Bd2 O-O 13. Qg3 Nc5 14. Qe1 Rfe8 15.
b4 Ncd7 16. h3 g6 17. g4 Bf8 18. Kh2 Bg7 19. Rb1 Rac8 20. Rb3 Nb6 21. Qg3 Nc4
22. Be1 e5 23. f5 d5 24. g5 Nxe4 25. Bxe4 dxe4 26. Nd2 Nxd2 27. Bxd2 Qd7 28.
fxg6 fxg6 29. Be3 Rf8 30. Rxf8+ Rxf8 31. Qg4 Qxg4 32. hxg4 Rf3 33. Nd1 Bf8 34.
Kg2 Be7 35. Rc3 Bd6 36. Kh2 Kf7 37. Nf2 Ke6 38. Kg1 Rf7 39. Rb3 Rc7 40. Rb2 Rc3
41. Nd1 Rxa3 42. Kf2 Bd5 43. Ke1 Ra2 44. Rxa2 Bxa2 45. c3 Kd5 46. Kd2 Bb1 47.
Nf2 Bd3 48. Nd1 Be7 49. Kc1 Be2 50. Nf2 Bf3 51. Kc2 Kc4 52. Kd2 Kb3 53. Nh3 Bxg4
54. Nf2 Bf3 55. Nh3 Bd8 0-1

[Event "40th Olympiad Women"]
[Site "Istanbul TUR"]
[Date "2012.09.07"]
[Round "10.5"]
[Board "3"]
[White "Gomes, Mary Ann"]
[Black "Klinova, Masha"]
[Result "1/2-1/2"]
[WhiteTitle "WGM"]
[BlackTitle "IM"]
[WhiteElo "2396"]
[BlackElo "2317"]
[WhiteTeam "India"]
[BlackTeam "Israel"]
[WhiteFideId "5013623"]
[BlackFideId "2802015"]
[EventDate "2012.08.28"]

1. Nf3 Nf6 2. g3 d5 3. Bg2 Bg4 4. O-O c6 5. d3 e6 6. b3 Be7 7. Bb2 O-O 8. Nbd2
a5 9. a3 Nbd7 10. e4 Qb8 11. Qe2 b5 12. h3 Bh5 13. Kh1 dxe4 14. dxe4 e5 15. g4
Bg6 16. Nh4 Re8 17. Nf5 Bf8 18. Ng3 h6 19. Nf3 a4 20. b4 c5 21. bxc5 Bxc5 22.
Rab1 Ra7 23. Nh4 Nf8 24. Bc1 Rb7 25. f4 exf4 26. Bxf4 Bd6 27. Bxd6 Qxd6 28. Ngf5
Bxf5 29. Nxf5 Qe5 30. Qd3 Ne6 31. Qd6 Ng5 32. Qxe5 Rxe5 33. Nd6 Rc7 34. Rf5 Rxf5
35. gxf5 Rxc2 36. e5 Nh5 37. h4 Nf4 38. hxg5 Nxg2 39. e6 fxe6 40. fxe6 Kf8 41.
Nf5 g6 42. Nd4 Rc4 43. Rf1+ Ke8 44. Nxb5 Rc5 45. Nd6+ Ke7 46. Ne4 Re5 47. Kxg2
Rxe4 48. gxh6 Rc4 49. Rh1 Rc8 50. Kg3 Kxe6 51. Kg4 Kf7 52. Rf1+ Kg8 53. Kg5 Rc3
54. Kxg6 Rg3+ 55. Kf6 Kh7 1/2-1/2